000 01170cam a22003493a 4500
001 7070
003 PGUSA
005 20140828083140.0
008 041201s2004||||xxu|||||s|||||000 1 eng d
040 _aPGUSA
_beng
042 _adc
050 4 _aPZ
100 1 _aHenty, G. A.
_q(George Alfred),
_d1832-1902
245 1 4 _aThe Treasure of the Incas :
_bA Story of Adventure in Peru
_h[electronic resource] /
_cG. A. Henty
260 _bProject Gutenberg,
_c2004
506 _aPublic domain in the USA.
516 _aElectronic text
653 _aIncas -- Juvenile fiction
653 _aFriendship -- Juvenile fiction
653 _aInca art -- Juvenile fiction
653 _aCourage -- Juvenile fiction
653 _aVoyages and travels -- Juvenile fiction
653 _aAdventure stories
653 _aTreasure troves -- Juvenile fiction
653 _aConduct of life -- Fiction
653 _aBrothers -- Juvenile fiction
653 _aYouth -- Conduct of life -- Juvenile fiction
653 _aPeru -- History -- 1829-1919 -- Juvenile fiction
830 0 _aProject Gutenberg
_v7070
856 4 0 _uhttp://www.gutenberg.org/ebooks/7070
942 _cEB
999 _c236390
_d236390